[Event "Aragon-ch Primera"]
[Site "Spain"]
[Date "2009.??.??"]
[Round "7"]
[White "Muro Turon, Raul"]
[Black "Arteaga, Francisco Javier"]
[Result "1-0"]
[WhiteElo "1853"]
[BlackElo "1630"]
[PlyCount "67"]
[EventDate "2009.??.??"]
[EventType "swiss"]
[EventRounds "9"]
[EventCountry "ESP"]
[SourceTitle "EXT 2013"]
[Source "ChessBase"]
[SourceDate "2012.11.22"]
[SourceVersion "1"]
[SourceVersionDate "2012.11.22"]
[SourceQuality "1"]

1. e4 c5 2. c3 d6 3. Nf3 Nc6 4. d4 cxd4 5. cxd4 e6 6. Nc3 a6 7. Bd3 Nf6 8. 0-0 Be7 9. Re1 0-0 10. Qe2 e5 11. d5 Nb8 12. Nd2 Bg4 13. f3 Bh5 14. Nf1 Nbd7 15. Ne3 Qb6 16. Kh1 Nc5 17. Nf5 Rfe8 18. Be3 Bf8 19. Rec1 Qd8 20. Rc2 Nfd7 21. Rac1 Nxd3 22. Qxd3 Rc8 23. Ne2 Rxc2 24. Qxc2 Qb8 25. Qc7 Rd8 26. b4 f6 27. Qxb8 Nxb8 28. Rc7 b5 29. Nc1 Be8 30. Nb3 Bd7 31. Ng3 g6 32. Na5 Be7 33. Ba7 Rc8 34. Bxb8 1-0

[Event "Aragon-ch Primera"]
[Site "Spain"]
[Date "2009.??.??"]
[Round "4"]
[White "Muro Turon, Raul"]
[Black "Cortes Sobrevilla, Cecilio"]
[Result "0-1"]
[WhiteElo "1853"]
[BlackElo "1669"]
[PlyCount "152"]
[EventDate "2009.??.??"]
[EventType "swiss"]
[EventRounds "9"]
[EventCountry "ESP"]
[SourceTitle "EXT 2013"]
[Source "ChessBase"]
[SourceDate "2012.11.22"]
[SourceVersion "1"]
[SourceVersionDate "2012.11.22"]
[SourceQuality "1"]

1. e4 c6 2. d4 g6 3. Nc3 Bg7 4. f4 d6 5. Nf3 d5 6. e5 Nh6 7. Be2 b6 8. 0-0 Ba6 9. Bxa6 Nxa6 10. Qe2 Nc7 11. Nd1 Ne6 12. c3 b5 13. Ng5 Qd7 14. Ne3 a6 15. Qf3 0-0 16. Qh3 Rad8 17. Bd2 c5 18. Ng4 Nxg5 19. Nxh6+ Bxh6 20. Qxd7 Rxd7 21. fxg5 Bg7 22. Rac1 Rc7 23. Be3 cxd4 24. Bxd4 Rfc8 25. a3 e6 26. g4 Bf8 27. b4 Be7 28. h4 h6 29. gxh6 Bxh4 30. Rc2 Kh7 31. Rh2 Bg5 32. Rhf2 Rf8 33. Bc5 Rxc5 34. Rxf7+ Kxh6 35. Rxf8 Be3+ 36. Kg2 Rxc3 37. R8f6 Rc6 38. Rd1 d4 39. Kf3 Kg5 40. Ke4 Rc3 41. Rxe6 Rxa3 42. Rd3 Ra1 43. Rc6 Re1 44. Kd5 Bf4 45. e6 Kf6 46. Kxd4 Ke7 47. Rxa6 Bd6 48. Kd5 Re5+ 49. Kc6 Bxb4 50. Rd7+ Kf6 51. Kb7 Rxe6 52. Rxe6+ Kxe6 53. Kc6 Be7 54. Rd3 b4 55. Re3+ Kf7 56. Kd7 Bf6 57. Rf3 g5 58. Rf5 b3 59. Rb5 b2 60. Rb7 Be5 61. Kd8+ Ke6 62. Rb5 Kd6 63. Ke8 Kc6 64. Rb3 Kd5 65. Kf7 Kc4 66. Rb6 Kc3 67. Ke6 Bf4 68. Rc6+ Kd3 69. Rb6 Bc1 70. Kf5 Kc2 71. Rc6+ Kb1 72. Ra6 Bd2 73. Rb6 Kc2 74. Rc6+ Bc3 75. Rb6 Bd2 76. Rc6+ Kb3 0-1